| 000 | 00668nam a2200241 a 4500 | ||
|---|---|---|---|
| 001 | 000021788 | ||
| 003 | DO-SdBNP | ||
| 005 | 20220401100424.0 | ||
| 007 | ta | ||
| 008 | 100913s1952 dr 000 0 spa d | ||
| 040 |
_aDO-SdBNP _bspa _cBNPHU |
||
| 049 | _aBNPD | ||
| 082 | 4 |
_bA516f _222 |
|
| 100 | 1 |
_aAmiama Tió, Fernándo A. _931005 |
|
| 245 | 1 | 4 |
_aLas funciones consulares / _cFernándo A. Amiama Tió. |
| 250 | _a2a ed. | ||
| 260 |
_aSanto Domingo : _bArte y Cine, _c1952. |
||
| 300 |
_a178 p. ; _c25 cm. |
||
| 500 | _aIncluye índice alfabético | ||
| 500 | _aIncluye notas al pie de las páginas | ||
| 590 | _aInventariado, 2022/BT | ||
| 942 |
_2ddc _cLBS1 |
||
| 999 |
_c21287 _d21287 |
||